Srovnání výskytu zhoubných novotvarů : Česká republika a vybrané státy = Comparison of cancer incidence : Czech Republic and selected countries /

Korporativní autor: Národní onkologický registr České republiky
Další autoři: Geryk, Edvard, 1951-, Ústav zdravotnických informací a statistiky České republiky
Jazyk: Čeština
Angličtina
Vydáno: Praha : Galén, c2004
Vydání: 1. vyd.
Témata:
Externí odkaz: Digitalizovaný dokument
Fyzický popis: 55 s. : grafická znázornění ; 19 cm
Language note: Část. anglický text a anglické resumé
Knihy
Uloženo v:
LEADER 02084nam a2200457 a 4500
001 000730561
003 CZ BrMZK
005 20060106093030.0
007 ta
008 040826s2004 xr d er 000 0 cze d
015 |a cnb001447989 
020 |a 80-7262-254-4  |q (brož.) 
035 |a (OCoLC)85121873 
040 |a BOA001  |b cze 
041 0 |a cze  |a eng  |b eng 
072 7 |a 616  |x Patologie. Klinická medicína  |2 Konspekt  |9 14 
080 |a 616-006.04  |2 MRF 
080 |a (048.8)  |2 MRF 
080 |a (041)  |2 MRF 
245 0 0 |a Srovnání výskytu zhoubných novotvarů :  |b Česká republika a vybrané státy = Comparison of cancer incidence : Czech Republic and selected countries /  |c Edvard Geryk ... [et al.] 
246 3 1 |a Comparison of cancer incidence 
250 |a 1. vyd. 
260 |a Praha :  |b Galén,  |c c2004 
300 |a 55 s. :  |b grafická znázornění ;  |c 19 cm 
500 |a Vydáno ve spolupráci s Občanským sdružením podpory zdraví a onkologické prevence v Brně 
504 |a Obsahuje bibliografii 
521 8 |a Určeno odborné veřejnosti 
546 |a Část. anglický text a anglické resumé 
550 |a Vydavatel: Národní onkologický registr ČR; Ústav zdravotnických informací a statistiky ČR 
500 |a Dostupné též v digitální podobě v aplikaci Kramerius 
650 0 7 |a maligní nádory  |7 ph134894  |2 czenas 
655 7 |a srovnávací studie  |7 fd133583  |2 czenas 
655 7 |a brožury  |7 fd131925  |2 czenas 
700 1 |a Geryk, Edvard,  |d 1951-  |7 mzk2004246427  |4 aut 
710 2 |a Národní onkologický registr České republiky  |7 ko2002110027 
710 2 |a Ústav zdravotnických informací a statistiky České republiky  |7 kn20020321021 
856 4 1 |u http://www.digitalniknihovna.cz/mzk/uuid/uuid:c19d7e20-8dfb-11e5-ac67-005056827e51  |y Digitalizovaný dokument  |x NDK 
910 |a BOA001  |b 1-1140.436 
990 |a BK 
996 6 |b 2610229222  |c 1-1140.436  |l MZK  |r Sklad / do 1 hodiny  |n 1  |p p.v.  |w 000730561  |u 000010  |a 1  |e BOA001  |j MZK50  |s P 
996 7 |b 2610267107  |c 1-1140.436  |l MZK  |r Sklad / do 1 hodiny  |n 3  |p p.v.  |w 000730561  |u 000020  |a 1  |e BOA001  |j MZK50  |s A